[Event "Campeonato del Mundo sub-20 2010 Fem."]
[Site "Chotowa-Czarna, Poland"]
[Date "2010.08.05"]
[Round "3.30"]
[White "Butuc, Maria"]
[Black "Khanamiryan, Ani"]
[Result "0-1"]
[WhiteElo "2220"]
[BlackElo "2014"]
[PlyCount "28"]
[EventDate "2010.08.03"]
[EventType "swiss"]
[EventRounds "13"]
[EventCountry "POL"]
[Source "lmi"]
[SourceDate "2010.08.03"]

1. Nf3 f5 2. c4 Nf6 3. d4 e6 4. e3 b6 5. Bd3 Bb7 6. O-O g6 7. Nc3 Bg7 8. b4 O-O
9. Bb2 Qe7 10. b5 d6 11. a4 a5 12. Qe2 Nbd7 13. e4 Rfe8 14. Rfe1 Qf8 0-1

[Event "Campeonato del Mundo sub-20 2010 Fem."]
[Site "Chotowa-Czarna, Poland"]
[Date "2010.08.05"]
[Round "3.31"]
[White "Rysbayeva, Aigerim"]
[Black "Tonel, Giulia"]
[Result "1-0"]
[WhiteElo "2209"]
[BlackElo "2001"]
[PlyCount "79"]
[EventDate "2010.08.03"]
[EventType "swiss"]
[EventRounds "13"]
[EventCountry "POL"]
[Source "lmi"]
[SourceDate "2010.08.03"]

1. e4 c5 2. Nf3 Nc6 3. d4 cxd4 4. Nxd4 e5 5. Nb5 d6 6. N1c3 a6 7. Na3 Be7 8.
Nc4 b5 9. Ne3 Nf6 10. Bd3 Be6 11. Ncd5 O-O 12. O-O Bxd5 13. exd5 Nb8 14. a4 e4
15. Be2 b4 16. a5 Nbd7 17. Bd2 Rb8 18. Bxa6 Ra8 19. Be2 Rxa5 20. Bxb4 Rxa1 21.
Qxa1 Qb6 22. Bc3 Qb7 23. Qa6 Qxa6 24. Bxa6 Nc5 25. Bc4 g6 26. Ra1 Rb8 27. Bd4
Nfd7 28. Ra7 Bd8 29. b4 Bb6 30. Ra3 Na4 31. Bxb6 Naxb6 32. Bb5 Ne5 33. Be2 f5
34. g3 h6 35. c4 Rc8 36. Ra6 Nbxc4 37. Nxc4 Nxc4 38. Rc6 Rxc6 39. dxc6 Nb6 40.
c7 1-0

[Event "Campeonato del Mundo sub-20 2010 Fem."]
[Site "Chotowa-Czarna, Poland"]
[Date "2010.08.05"]
[Round "3.35"]
[White "Ho, En Huei Danielle"]
[Black "Kaya, Emel"]
[Result "0-1"]
[WhiteElo "1898"]
[BlackElo "2015"]
[PlyCount "126"]
[EventDate "2010.08.03"]
[EventType "swiss"]
[EventRounds "13"]
[EventCountry "POL"]
[Source "lmi"]
[SourceDate "2010.08.03"]

1. d4 g6 2. e4 c5 3. c3 cxd4 4. cxd4 d5 5. exd5 Nf6 6. Qa4+ Nbd7 7. Nc3 Bg7 8.
Nf3 O-O 9. Qb3 Nb6 10. Bf4 Nbxd5 11. Be5 Nxc3 12. bxc3 Be6 13. Bc4 Bxc4 14.
Qxc4 Rc8 15. Qb3 Qa5 16. O-O Rxc3 17. Qxb7 Nd5 18. Rfb1 Bxe5 19. Nxe5 Rc7 20.
Qb3 Rc3 21. Qb7 Rc7 22. Qb3 Rfc8 23. g3 e6 24. Qf3 Qc3 25. Qxc3 Nxc3 26. Rb2
Rd8 27. Rd2 Rxd4 28. Rxd4 Ne2+ 29. Kg2 Nxd4 30. Rd1 Nb5 31. a4 Nc3 32. Rd4 Kg7
33. Nd3 Kf6 34. f4 Ke7 35. Kf3 f6 36. a5 Rd7 37. Ke3 Nd1+ 38. Ke4 Nc3+ 39. Ke3
Rd5 40. Nb4 Nd1+ 41. Ke4 Rxd4+ 42. Kxd4 Kd6 43. Kc4 Nb2+ 44. Kb3 Nd1 45. Kc4
Ne3+ 46. Kb5 Nd5 47. Nd3 Nc7+ 48. Kc4 e5 49. fxe5+ fxe5 50. Nf2 Kc6 51. Ne4 Ne8
52. Nc3 Nd6+ 53. Kd3 Kc5 54. g4 Kb4 55. a6 Ka5 56. Ne4 Nxe4 57. Kxe4 Kxa6 58.
Kxe5 Kb5 59. Kf6 a5 60. g5 a4 61. Kg7 a3 62. Kxh7 a2 63. Kxg6 a1=Q 0-1

[Event "Campeonato del Mundo sub-20 2010 Fem."]
[Site "Chotowa-Czarna, Poland"]
[Date "2010.08.05"]
[Round "3.36"]
[White "Edes, Zsofia"]
[Black "Lepeskaite, Migle"]
[Result "1-0"]
[WhiteElo "2097"]
[BlackElo "1801"]
[PlyCount "62"]
[EventDate "2010.08.03"]
[EventType "swiss"]
[EventRounds "13"]
[EventCountry "POL"]
[Source "lmi"]
[SourceDate "2010.08.03"]

1. d4 d5 2. c4 e6 3. Nf3 Nf6 4. Bg5 Be7 5. Nc3 h6 6. Bh4 O-O 7. e3 Ne4 8. Bg3
Nxg3 9. hxg3 b6 10. Bd3 Bb7 11. cxd5 exd5 12. Ne5 Nd7 13. Rxh6 gxh6 14. Qg4+
Kh8 15. Nxd7 Rg8 16. Qh3 Kg7 17. Qf5 Rh8 18. Qg4+ Bg5 19. f4 Bc8 20. Bf5 h5 21.
Qh3 Be7 22. Ne5 Bf6 23. O-O-O a5 24. Kb1 Bxe5 25. dxe5 d4 26. Rd2 c5 27. Ne4
Rh6 28. Nd6 Rxd6 29. exd6 Bxf5+ 30. Qxf5 Qxd6 31. Qg5+ Qg6+ 1-0

[Event "Campeonato del Mundo sub-20 2010 Fem."]
[Site "Chotowa-Czarna, Poland"]
[Date "2010.08.05"]
[Round "3.37"]
[White "Guo, Emma"]
[Black "Vanhuyse, Nele"]
[Result "1-0"]
[WhiteElo "1965"]
[BlackElo "1779"]
[PlyCount "97"]
[EventDate "2010.08.03"]
[EventType "swiss"]
[EventRounds "13"]
[EventCountry "POL"]
[Source "lmi"]
[SourceDate "2010.08.03"]

1. d4 Nf6 2. Nf3 e6 3. Bf4 c5 4. e3 b6 5. c3 Be7 6. Bd3 Bb7 7. O-O O-O 8. Nbd2
d5 9. Ne5 Ne4 10. f3 Nxd2 11. Qxd2 Bg5 12. Bxg5 Qxg5 13. f4 Qe7 14. Rf3 f6 15.
Ng4 h5 16. Nf2 e5 17. Rh3 e4 18. Be2 g6 19. Qd1 f5 20. Bxh5 Rf6 21. Be2 Nd7 22.
g4 Kg7 23. Kh1 Rh8 24. Qf1 Rff8 25. gxf5 gxf5 26. Qg2+ Kf7 27. Rg1 Ke8 28. Rg3
Qh4 29. Rg7 c4 30. b3 b5 31. a4 a6 32. axb5 axb5 33. bxc4 bxc4 34. Rb1 Bc6 35.
h3 Kd8 36. Kg1 Qh6 37. Rg6 Qh7 38. Rxc6 Rfg8 39. Bg4 fxg4 40. hxg4 Qh4 41. Rd6
Ke7 42. Rxd5 Nf6 43. Re5+ Kf7 44. g5 Nh5 45. Rb7+ Kf8 46. Rc5 Ng7 47. Rc8+ Ne8
48. Rxe8+ Kxe8 49. Qxe4+ 1-0

[Event "Campeonato del Mundo sub-20 2010 Fem."]
[Site "Chotowa-Czarna, Poland"]
[Date "2010.08.05"]
[Round "3.38"]
[White "Ferreira, Susana Carolina G"]
[Black "Krumova, Ani"]
[Result "0-1"]
[WhiteElo "1726"]
[BlackElo "1916"]
[PlyCount "64"]
[EventDate "2010.08.03"]
[EventType "swiss"]
[EventRounds "13"]
[EventCountry "POL"]
[Source "lmi"]
[SourceDate "2010.08.03"]

1. e4 Nc6 2. Nf3 f5 3. e5 d6 4. exd6 cxd6 5. d4 e5 6. dxe5 dxe5 7. Qxd8+ Kxd8
8. Bc4 h6 9. O-O Bc5 10. Nc3 Nf6 11. Nh4 g5 12. Nf3 e4 13. Na4 Bd6 14. Rd1 Ke7
15. Nd4 Bd7 16. Nxc6+ Bxc6 17. Nc3 f4 18. Rb1 Rhd8 19. b4 b6 20. a3 Bb7 21. Bb2
Rac8 22. Bb3 Be5 23. Rxd8 Rxd8 24. b5 Rd2 25. a4 Bd4 26. Ba3+ Ke8 27. Nd1 e3
28. fxe3 fxe3 29. c3 Rxg2+ 30. Kf1 e2+ 31. Ke1 exd1=Q+ 32. Kxd1 Bf3+ 0-1

[Event "Campeonato del Mundo sub-20 2010 Fem."]
[Site "Chotowa-Czarna, Poland"]
[Date "2010.08.05"]
[Round "3.39"]
[White "Misovic, Sanja"]
[Black "Cyboran, Katarzyna"]
[Result "0-1"]
[WhiteElo "1907"]
[BlackElo "1777"]
[PlyCount "52"]
[EventDate "2010.08.03"]
[EventType "swiss"]
[EventRounds "13"]
[EventCountry "POL"]
[Source "lmi"]
[SourceDate "2010.08.03"]

1. d4 e6 2. c4 f5 3. g3 Nf6 4. Bg2 d5 5. Nc3 c6 6. Nf3 Bd6 7. O-O O-O 8. e3
Nbd7 9. b3 Ne4 10. Bb2 Qf6 11. Ne2 g5 12. Nd2 Nxd2 13. Qxd2 Qg6 14. cxd5 exd5
15. b4 Nb6 16. a4 Nc4 17. Qc3 a5 18. b5 Qh5 19. Qc2 f4 20. exf4 Bf5 21. g4 Qxg4
22. f3 Qxg2+ 23. Kxg2 Bxc2 24. Bc1 Bd3 25. Ra2 Rae8 26. Rf2 gxf4 0-1

[Event "Campeonato del Mundo sub-20 2010 Fem."]
[Site "Chotowa-Czarna, Poland"]
[Date "2010.08.05"]
[Round "3.40"]
[White "Jablonska, Sabina"]
[Black "Oliver, Tamzin L"]
[Result "1-0"]
[WhiteElo "1876"]
[BlackElo "1737"]
[PlyCount "101"]
[EventDate "2010.08.03"]
[EventType "swiss"]
[EventRounds "13"]
[EventCountry "POL"]
[Source "lmi"]
[SourceDate "2010.08.03"]

1. e4 c5 2. Nf3 Nc6 3. d4 cxd4 4. Nxd4 Nf6 5. Nc3 e5 6. Ndb5 d6 7. Bg5 a6 8.
Na3 b5 9. Nd5 Be7 10. Bxf6 Bxf6 11. c3 Bg5 12. Nc2 Ne7 13. a4 bxa4 14. Ncb4 O-O
15. Rxa4 a5 16. h4 Bh6 17. g4 Bf4 18. Nxe7+ Qxe7 19. Nd5 Qb7 20. b4 axb4 21.
Rxb4 Qa7 22. Be2 Be6 23. Nxf4 exf4 24. Rd4 Qa3 25. c4 Qc3+ 26. Qd2 Ra1+ 27. Bd1
Qf3 28. O-O Qh3 29. Qxf4 Qxh4 30. Kg2 Qe7 31. g5 f6 32. Qxd6 Ra7 33. Qxe7 Rxe7
34. gxf6 Rxf6 35. f4 Rc7 36. Be2 Kf8 37. f5 Bc8 38. Bd3 Bb7 39. Kg3 Ke7 40. e5
Ra6 41. Kf4 Rac6 42. Rg1 Kf7 43. Ke3 Ba6 44. Be4 Rc5 45. Bd5+ Kf8 46. f6 Ra5
47. Rh4 g6 48. e6 Ra3+ 49. Kd4 Bxc4 50. e7+ Ke8 51. f7+ 1-0

[Event "Campeonato del Mundo sub-20 2010 Fem."]
[Site "Chotowa-Czarna, Poland"]
[Date "2010.08.06"]
[Round "4.1"]
[White "Muminova, Nafisa"]
[Black "Muzychuk, Anna"]
[Result "1/2-1/2"]
[WhiteElo "2290"]
[BlackElo "2527"]
[PlyCount "76"]
[EventDate "2010.08.03"]
[EventType "swiss"]
[EventRounds "13"]
[EventCountry "POL"]
[Source "lmi"]
[SourceDate "2010.08.03"]

1. e4 c5 2. Nf3 Nc6 3. Bb5 d6 4. O-O Bd7 5. Re1 Nf6 6. h3 e6 7. c3 Rc8 8. Bf1
Be7 9. d4 cxd4 10. cxd4 d5 11. e5 Ne4 12. Nbd2 Nxd2 13. Bxd2 O-O 14. Rc1 Qb6
15. Bc3 Nb4 16. Qb3 a5 17. a3 a4 18. Qd1 Na2 19. Rb1 Nxc3 20. bxc3 Qa5 21. Rxb7
Rfd8 22. Re3 h6 23. Qc1 Rb8 24. Rxb8 Rxb8 25. c4 dxc4 26. Bxc4 Rc8 27. Qf1 Bc6
28. Qd3 Bd5 29. Bxd5 Qxd5 30. Kh2 Qa2 31. Qa6 Rc2 32. Qxa4 Rxf2 33. Ne1 Qd2 34.
Rf3 Qxe1 35. Qe8+ Kh7 36. Rxf2 Qxf2 37. Qxe7 Qxd4 38. Qd6 Qf4+ 1/2-1/2

[Event "Campeonato del Mundo sub-20 2010 Fem."]
[Site "Chotowa-Czarna, Poland"]
[Date "2010.08.06"]
[Round "4.2"]
[White "Nemcova, Katerina"]
[Black "Girya, Olga"]
[Result "0-1"]
[WhiteElo "2282"]
[BlackElo "2376"]
[PlyCount "115"]
[EventDate "2010.08.03"]
[EventType "swiss"]
[EventRounds "13"]
[EventCountry "POL"]
[Source "lmi"]
[SourceDate "2010.08.03"]

1. e4 c6 2. d4 d5 3. exd5 cxd5 4. c4 Nf6 5. Nc3 Nc6 6. Nb1 Nb8 7. Nc3 Nc6 8.
Bg5 e6 9. c5 Be7 10. Nf3 O-O 11. Bb5 Ne4 12. Bxe7 Nxe7 13. O-O Nxc3 14. bxc3 b6
15. cxb6 axb6 16. Qe2 Ra3 17. Rfc1 Ng6 18. Rab1 Bb7 19. Qb2 Qa8 20. Rc2 Rc8 21.
Bd3 Bc6 22. g3 b5 23. h4 Nf8 24. Ne5 Be8 25. Bxb5 Bxb5 26. Qxb5 f6 27. Nd7 Rxa2
28. Rxa2 Qxa2 29. Nxf8 Kxf8 30. Qb4+ Kg8 31. Re1 Re8 32. Qd6 Kf7 33. Kg2 Qb2
34. Qc6 Re7 35. h5 Qc2 36. g4 Qd2 37. Re3 Qd1 38. Rg3 Qe2 39. Qc8 Qe4+ 40. Kh2
Qf4 41. Kg2 h6 42. Qd8 Qe4+ 43. Kh2 Rb7 44. Qc8 Rb1 45. Qc7+ Kg8 46. Rg2 Rd1
47. Qb8+ Kh7 48. Qb2 Qf4+ 49. Rg3 Rd2 50. Qb1+ Kh8 51. Qe1 Rxf2+ 52. Kh3 Rf1
53. Qe2 Rh1+ 54. Kg2 Qc1 55. Qf2 Re1 56. g5 fxg5 57. Qf8+ Kh7 58. Qf2 0-1

[Event "Campeonato del Mundo sub-20 2010 Fem."]
[Site "Chotowa-Czarna, Poland"]
[Date "2010.08.06"]
[Round "4.3"]
[White "Padmini, Rout"]
[Black "Ohme, Melanie"]
[Result "1/2-1/2"]
[WhiteElo "2275"]
[BlackElo "2326"]
[PlyCount "106"]
[EventDate "2010.08.03"]
[EventType "swiss"]
[EventRounds "13"]
[EventCountry "POL"]
[Source "lmi"]
[SourceDate "2010.08.03"]

1. e4 c5 2. Nf3 d6 3. d4 cxd4 4. Nxd4 Nf6 5. Nc3 Nc6 6. Bg5 e6 7. Qd2 Qb6 8.
Nb3 Be7 9. Nd4 Bf8 10. Nb3 Be7 11. O-O-O O-O 12. f3 a6 13. g4 Rd8 14. Be3 Qc7
15. g5 Nd7 16. h4 b5 17. g6 fxg6 18. h5 gxh5 19. Rxh5 Nf6 20. Rg5 d5 21. Qg2
Ne8 22. Rh5 b4 23. Na4 dxe4 24. Rxd8 Nxd8 25. fxe4 Nf7 26. e5 Bb7 27. Qg4 Qc6
28. Bd3 Qf3 29. Bxh7+ Kf8 30. Qxf3 Bxf3 31. Nac5 Nc7 32. Rh2 Bg4 33. Bg6 Rd8
34. Nd2 Bf5 35. Bxf5 exf5 36. e6 Nh6 37. c4 bxc3 38. bxc3 Kg8 39. Bxh6 gxh6 40.
Ncb3 Nxe6 41. Rxh6 Rd6 42. Rh5 Ng7 43. Rh3 Kf7 44. Kc2 Ne6 45. Nc4 Rd5 46. Rh7+
Kf6 47. Rh6+ Kf7 48. Rh7+ Ng7 49. Nd4 Kg6 50. Rh8 Bf6 51. Ra8 Bxd4 52. cxd4
Rxd4 53. Rxa6+ Kg5 1/2-1/2

[Event "Campeonato del Mundo sub-20 2010 Fem."]
[Site "Chotowa-Czarna, Poland"]
[Date "2010.08.06"]
[Round "4.4"]
[White "Mammadova, Gulnar Marfat"]
[Black "Ziaziulkina, Nastassia"]
[Result "1/2-1/2"]
[WhiteElo "2260"]
[BlackElo "2293"]
[PlyCount "91"]
[EventDate "2010.08.03"]
[EventType "swiss"]
[EventRounds "13"]
[EventCountry "POL"]
[Source "lmi"]
[SourceDate "2010.08.03"]

1. e4 c5 2. Nf3 d6 3. d4 cxd4 4. Nxd4 Nf6 5. Nc3 a6 6. h3 e6 7. g4 Be7 8. Be3
b5 9. Bg2 Bb7 10. g5 Nfd7 11. f4 Nc6 12. O-O O-O 13. a4 b4 14. Nce2 Nc5 15. Ng3
Re8 16. h4 Bf8 17. Qd2 Rb8 18. b3 Qc7 19. Qf2 g6 20. Nxc6 Bxc6 21. Bd4 Nd7 22.
f5 Ne5 23. h5 exf5 24. exf5 Bxg2 25. Qxg2 Qb7 26. Qf2 Bg7 27. f6 Bf8 28. hxg6
hxg6 29. Qf4 Nc6 30. Rf2 Nxd4 31. Qxd4 d5 32. Kg2 Bd6 33. Rd1 Rbd8 34. Qxd5 Qc7
35. Qf3 Bc5 36. Rxd8 Qxd8 37. Re2 Rxe2+ 38. Qxe2 Qd5+ 39. Ne4 Ba7 40. Qd3 Qf5
41. Qf3 Qd5 42. Ng3 Qd2+ 43. Qe2 Qd5+ 44. Qe4 Qd2+ 45. Kh3 Bc5 46. Kg4 1/2-1/2

[Event "Campeonato del Mundo sub-20 2010 Fem."]
[Site "Chotowa-Czarna, Poland"]
[Date "2010.08.06"]
[Round "4.5"]
[White "Bhakti, Kulkarni Pradip"]
[Black "Gosciniak, Maria"]
[Result "1-0"]
[WhiteElo "2249"]
[BlackElo "2149"]
[PlyCount "79"]
[EventDate "2010.08.03"]
[EventType "swiss"]
[EventRounds "13"]
[EventCountry "POL"]
[Source "lmi"]
[SourceDate "2010.08.03"]

1. d4 f5 2. Nf3 Nf6 3. g3 b6 4. Bg2 Bb7 5. O-O e6 6. c4 Be7 7. Nc3 Ne4 8. Qc2
Nxc3 9. Qxc3 O-O 10. b3 d6 11. Bb2 Nd7 12. Qe3 Kf7 13. Ne5+ dxe5 14. Bxb7 Rb8
15. Bc6 exd4 16. Bxd4 Bd6 17. Rfd1 Nf6 18. c5 Ng4 19. Qc3 bxc5 20. Bxc5 Qe7 21.
Bxa7 Rbd8 22. Bd4 Qg5 23. h3 Nf6 24. Be5 f4 25. Bxd6 cxd6 26. Qd2 Qh5 27. Qxf4
Qxh3 28. Bg2 Qh5 29. Bf3 Qh3 30. Rxd6 Rxd6 31. Qxd6 Kg8 32. Rc1 g5 33. Rc5 h6
34. g4 Re8 35. Rc8 Rxc8 36. Qxe6+ Kg7 37. Qxc8 h5 38. Qc7+ Kg6 39. gxh5+ Nxh5
40. Qh2 1-0

[Event "Campeonato del Mundo sub-20 2010 Fem."]
[Site "Chotowa-Czarna, Poland"]
[Date "2010.08.06"]
[Round "4.6"]
[White "Cori Tello, Deysi Estela"]
[Black "Abdulla, Khayala Mardan"]
[Result "0-1"]
[WhiteElo "2403"]
[BlackElo "2193"]
[PlyCount "111"]
[EventDate "2010.08.03"]
[EventType "swiss"]
[EventRounds "13"]
[EventCountry "POL"]
[Source "lmi"]
[SourceDate "2010.08.03"]

1. d4 Nf6 2. Nf3 e6 3. e3 c5 4. Bd3 b6 5. b3 Bb7 6. Bb2 Be7 7. O-O O-O 8. Nbd2
cxd4 9. exd4 d6 10. Re1 Nbd7 11. Qe2 Re8 12. c4 Rc8 13. Rad1 Nf8 14. Ng5 Qd7
15. Ndf3 g6 16. Qd2 Nh5 17. Be4 Bxe4 18. Nxe4 Qb7 19. d5 e5 20. Nxe5 dxe5 21.
d6 Rcd8 22. Qc3 Bh4 23. Qh3 f5 24. Qxh4 fxe4 25. Bxe5 Nd7 26. Bc3 Nc5 27. Rd5
Qf7 28. b4 Na4 29. Be5 b5 30. Rxb5 Qxc4 31. Rb7 Qc8 32. Re7 Rxe7 33. Qxe7 Qd7
34. Qxd7 Rxd7 35. g4 Ng7 36. Rxe4 Nb6 37. b5 Ne8 38. Rd4 Kf7 39. a4 Ke6 40. Bg3
Nxd6 41. h4 Ndc4 42. Rf4 Kd5 43. h5 Nxa4 44. hxg6 hxg6 45. Rf6 Rg7 46. Bf4 Nc3
47. Kg2 Nxb5 48. Kh3 Nbd6 49. Bh6 Rg8 50. Bc1 a5 51. f3 Ke5 52. g5 a4 53. Kg4
a3 54. f4+ Kd5 55. Bxa3 Nxa3 56. f5 0-1

[Event "Campeonato del Mundo sub-20 2010 Fem."]
[Site "Chotowa-Czarna, Poland"]
[Date "2010.08.06"]
[Round "4.7"]
[White "Severiukhina, Zoja"]
[Black "Guadamuro Torrente, Anabel"]
[Result "1-0"]
[WhiteElo "2341"]
[BlackElo "2137"]
[PlyCount "83"]
[EventDate "2010.08.03"]
[EventType "swiss"]
[EventRounds "13"]
[EventCountry "POL"]
[Source "lmi"]
[SourceDate "2010.08.03"]

1. e4 e5 2. Nf3 Nc6 3. Bb5 Nf6 4. O-O Nxe4 5. d4 Nd6 6. Bxc6 dxc6 7. dxe5 Nf5
8. Qxd8+ Kxd8 9. Nc3 h6 10. h3 Bd7 11. b3 Ne7 12. Bb2 c5 13. Rad1 Kc8 14. Rd2
b6 15. Rfd1 Be6 16. Ne4 Nc6 17. Nh2 Be7 18. Nf1 Kb7 19. Ne3 Bg5 20. Nxg5 hxg5
21. f3 a5 22. a4 Rae8 23. Nd5 Rh4 24. c4 Bc8 25. Nc3 Nxe5 26. Ne4 f6 27. Re1
Rh5 28. Kf2 Kb8 29. Ng3 Rhh8 30. Bxe5 Rxe5 31. Rxe5 fxe5 32. Ne4 g4 33. hxg4
Kb7 34. Ng5 Re8 35. Ke3 Kb8 36. Ke4 g6 37. Rd1 Bb7+ 38. Ke3 Rh8 39. Nf7 Re8 40.
Rd8+ Rxd8 41. Nxd8 Kc8 42. Nxb7 1-0

[Event "Campeonato del Mundo sub-20 2010 Fem."]
[Site "Chotowa-Czarna, Poland"]
[Date "2010.08.06"]
[Round "4.8"]
[White "Melekhina, Alisa"]
[Black "Adamowicz, Katarzyna"]
[Result "1-0"]
[WhiteElo "2265"]
[BlackElo "2123"]
[PlyCount "81"]
[EventDate "2010.08.03"]
[EventType "swiss"]
[EventRounds "13"]
[EventCountry "POL"]
[Source "lmi"]
[SourceDate "2010.08.03"]

1. e4 e5 2. Nf3 Nc6 3. Bb5 a6 4. Ba4 Nf6 5. Qe2 Ng8 6. Qd1 Nf6 7. Qe2 b5 8. Bb3
Be7 9. c3 d6 10. d3 O-O 11. Nbd2 Re8 12. Nf1 Bf8 13. Ng3 g6 14. Ng5 Re7 15. h4
h5 16. Nh3 Na5 17. Bc2 c5 18. Bg5 Bg7 19. Nf1 Re8 20. Ne3 Be6 21. f4 Qc8 22. f5
Bd7 23. O-O Rf8 24. Bxf6 Bxf6 25. Nd5 Qd8 26. Qd2 Kg7 27. Ng5 Bc6 28. Nxf6 Qxf6
29. Rf3 gxf5 30. Rxf5 Qe7 31. Raf1 Be8 32. Nh3 f6 33. R1f3 Bg6 34. Rg3 Kh7 35.
Qe2 Qe8 36. Qf2 Bxf5 37. Qxf5+ Kh6 38. Ng5 Qe7 39. Ne6 Rg8 40. Bd1 Qf7 41. Rg5
1-0

[Event "Campeonato del Mundo sub-20 2010 Fem."]
[Site "Chotowa-Czarna, Poland"]
[Date "2010.08.06"]
[Round "4.9"]
[White "Tsirulnik, Maritsa"]
[Black "Olsarova, Tereza"]
[Result "1/2-1/2"]
[WhiteElo "2153"]
[BlackElo "2252"]
[PlyCount "113"]
[EventDate "2010.08.03"]
[EventType "swiss"]
[EventRounds "13"]
[EventCountry "POL"]
[Source "lmi"]
[SourceDate "2010.08.03"]

1. d4 d5 2. Nf3 Nf6 3. c4 c6 4. e3 e6 5. Nbd2 Be7 6. Bd3 Nbd7 7. O-O O-O 8. e4
dxe4 9. Nxe4 Nxe4 10. Bxe4 Nf6 11. Bc2 b5 12. Ne5 Bb7 13. c5 Nd5 14. a3 b4 15.
Qd3 f5 16. Qe2 bxa3 17. bxa3 Bf6 18. Bb2 Bxe5 19. Qxe5 Qf6 20. Qxf6 gxf6 21.
Rfe1 Kf7 22. Rab1 Ba6 23. Ba4 Bb5 24. Bxb5 cxb5 25. Bc1 Rfb8 26. Bd2 a5 27. Kf1
b4 28. axb4 axb4 29. Rb3 Ra2 30. Rd1 e5 31. dxe5 fxe5 32. Be1 Ke6 33. Rbd3 Ne7
34. Rb1 Nd5 35. Rbd1 Rd8 36. Rb1 e4 37. Rdb3 Ra3 38. c6 Rxb3 39. Rxb3 Rc8 40.
Bxb4 Rxc6 41. Bd2 Rc2 42. Ke1 f4 43. Rh3 Rc7 44. Rh6+ Ke5 45. Rh5+ Kd4 46.
Rxd5+ Kxd5 47. Bxf4 Rc2 48. g3 Kd4 49. Kf1 Kd3 50. Be3 Rb2 51. h4 h5 52. Kg2
Ke2 53. Bd4 Rb3 54. Bc5 Rb7 55. Be3 Rb3 56. Bc5 Rb7 57. Be3 1/2-1/2

[Event "Campeonato del Mundo sub-20 2010 Fem."]
[Site "Chotowa-Czarna, Poland"]
[Date "2010.08.06"]
[Round "4.10"]
[White "Baciu, Diana"]
[Black "Skinke, Katrina"]
[Result "0-1"]
[WhiteElo "2127"]
[BlackElo "2237"]
[PlyCount "84"]
[EventDate "2010.08.03"]
[EventType "swiss"]
[EventRounds "13"]
[EventCountry "POL"]
[Source "lmi"]
[SourceDate "2010.08.03"]

1. e4 d6 2. d4 Nf6 3. Nc3 g6 4. Nge2 Bg7 5. h3 a6 6. a4 O-O 7. Be3 e5 8. g3
Nbd7 9. Bg2 Re8 10. O-O exd4 11. Bxd4 Ne5 12. b3 Bd7 13. g4 Nc6 14. Be3 Rb8 15.
g5 Nh5 16. Qd2 b5 17. Rad1 Kh8 18. f4 Qc8 19. Kh2 f6 20. h4 b4 21. Nd5 Bg4 22.
Rde1 a5 23. gxf6 Nxf6 24. Nxf6 Bxf6 25. e5 dxe5 26. Bxc6 Rd8 27. Qc1 Bxh4 28.
Ng3 Bh3 29. Rg1 Rf8 30. Qb2 Bf6 31. fxe5 Bg7 32. Ba7 Qg4 33. Re4 Qe6 34. Bb5
Rbd8 35. Bd3 Rd5 36. Rge1 c5 37. Kg1 Qf7 38. Kh2 Bf5 39. Rf4 Qxa7 40. Nxf5 gxf5
41. Rxf5 Rxf5 42. Bxf5 Qf7 0-1

[Event "Campeonato del Mundo sub-20 2010 Fem."]
[Site "Chotowa-Czarna, Poland"]
[Date "2010.08.06"]
[Round "4.11"]
[White "Kulon, Klaudia"]
[Black "Forestier, Carole"]
[Result "1-0"]
[WhiteElo "2230"]
[BlackElo "2103"]
[PlyCount "131"]
[EventDate "2010.08.03"]
[EventType "swiss"]
[EventRounds "13"]
[EventCountry "POL"]
[Source "lmi"]
[SourceDate "2010.08.03"]

1. e4 e6 2. d4 d5 3. Nd2 Nf6 4. e5 Nfd7 5. c3 c5 6. Bd3 Nc6 7. Ne2 cxd4 8. cxd4
f6 9. exf6 Nxf6 10. O-O Bd6 11. Nf3 Qc7 12. Bg5 O-O 13. Bh4 Nh5 14. Qc2 h6 15.
Bh7+ Kh8 16. Bg6 Rxf3 17. Bxh5 Rf8 18. Bg3 Bd7 19. Rac1 Rac8 20. Qd2 Bxg3 21.
hxg3 Qb6 22. Nf4 Ne7 23. b3 g5 24. Ne2 Nf5 25. g4 Ne7 26. Qe3 Qd6 27. Rxc8 Nxc8
28. f4 Qe7 29. Rf3 Qg7 30. fxg5 Rxf3 31. gxf3 Qxg5 32. Nf4 Ne7 33. Kg2 Qf6 34.
Kg3 Kg7 35. Bg6 Qg5 36. Bb1 Nc6 37. Qd3 Ne7 38. Qh7+ Kf8 39. Ng6+ Nxg6 40. Bxg6
Qf6 41. Qxh6+ Ke7 42. Qh4 Bb5 43. Bc2 Be2 44. Qxf6+ Kxf6 45. Kf4 a5 46. g5+ Kf7
47. Ke3 Bb5 48. Bd3 Bd7 49. Kf4 a4 50. b4 a3 51. Ke3 Ba4 52. Kd2 Bb3 53. Bb1
Bc4 54. b5 Bxb5 55. Kc3 Be2 56. f4 Bf3 57. Bd3 Be4 58. Be2 Bf5 59. Kb3 Kg6 60.
Kxa3 Bh3 61. Bd3+ Kh5 62. Kb4 Bg2 63. a4 b6 64. Kb5 Bf3 65. Kxb6 Be4 66. Be2+
1-0

[Event "Campeonato del Mundo sub-20 2010 Fem."]
[Site "Chotowa-Czarna, Poland"]
[Date "2010.08.06"]
[Round "4.12"]
[White "Nakhbayeva, Guliskhan"]
[Black "Uta, Adeline-Ramona"]
[Result "1-0"]
[WhiteElo "2216"]
[BlackElo "2099"]
[PlyCount "111"]
[EventDate "2010.08.03"]
[EventType "swiss"]
[EventRounds "13"]
[EventCountry "POL"]
[Source "lmi"]
[SourceDate "2010.08.03"]

1. d4 c5 2. d5 e6 3. c4 exd5 4. cxd5 d6 5. Nc3 g6 6. Nf3 Bg7 7. Bf4 Bf8 8. Bc1
Bg7 9. Bf4 Nf6 10. Qa4+ Bd7 11. Qb3 Qc7 12. e4 O-O 13. Nd2 Nh5 14. Be3 a6 15.
a4 f5 16. exf5 gxf5 17. Be2 Be8 18. Nf3 h6 19. O-O Nd7 20. Rad1 Rb8 21. Qc2 f4
22. Bc1 Ne5 23. Ne4 Bg6 24. Nh4 Be8 25. b4 c4 26. Nf3 Nxf3+ 27. Bxf3 b5 28. a5
Bg6 29. Bb2 Nf6 30. Bd4 Kh8 31. Rfe1 Rbe8 32. Bxf6 Bxf6 33. Bg4 Be5 34. Be6 f3
35. g3 Qh7 36. Re3 h5 37. h4 Qg7 38. Kh2 Bd4 39. Ree1 Be5 40. Qc1 Bxe4 41. Rxe4
Bc3 42. Rg1 Be5 43. Kh1 Qf6 44. Qe3 Re7 45. Kh2 Rg7 46. Kh3 Rb8 47. g4 Re8 48.
g5 Qg6 49. Qxf3 c3 50. Kg2 Rxe6 51. dxe6 Rc7 52. e7 Rc8 53. Qf8+ Qg8 54. Qh6+
Qh7 55. Qxh7+ Kxh7 56. f4 1-0

[Event "Campeonato del Mundo sub-20 2010 Fem."]
[Site "Chotowa-Czarna, Poland"]
[Date "2010.08.06"]
[Round "4.15"]
[White "Pavlidou, Ekaterini"]
[Black "Chierici, Marianna"]
[Result "1-0"]
[WhiteElo "2182"]
[BlackElo "2016"]
[PlyCount "59"]
[EventDate "2010.08.03"]
[EventType "swiss"]
[EventRounds "13"]
[EventCountry "POL"]
[Source "lmi"]
[SourceDate "2010.08.03"]

1. d4 f5 2. g3 e6 3. Bg2 Nf6 4. c4 d5 5. Qc2 c6 6. Nh3 Bd6 7. O-O O-O 8. Bf4
Be7 9. Bxb8 Rxb8 10. Nf4 Qe8 11. Nd2 g5 12. Nd3 Qh5 13. Nf3 Ne4 14. Nfe5 Rf6
15. Rad1 Rh6 16. h3 Bd6 17. b4 dxc4 18. Qxc4 Nf6 19. b5 cxb5 20. Qxb5 b6 21.
Qb3 Ne4 22. g4 fxg4 23. Nxg4 Nf6 24. Nxh6+ Qxh6 25. Ne5 g4 26. hxg4 Qf4 27. Qg3
Bxe5 28. dxe5 Qxg3 29. fxg3 Nxg4 30. Rd8+ 1-0